书目信息 |
| 题名: |
干旱河谷生态恢复与持续管理的科学基础
|
|
| 作者: | 包维楷 著 | |
| 分册: | ||
| 出版信息: | 北京 科学出版社 2012.01 |
|
| 页数: | 709页 | |
| 开本: | 26cm | |
| 丛书名: | ||
| 单 册: | ||
| 中图分类: | X171.4 , X321.271 | |
| 科图分类: | ||
| 主题词: | 干旱区 , 河谷 , 生态恢复 , 生态管理 | |
| 电子资源: | ||
| ISBN: | 978-7-03-033262-2 | |
| 000 | 01095nam0 2200325 450 | |
| 001 | 010020004286 | |
| 005 | 20140609155623.40 | |
| 010 | @a978-7-03-033262-2@dCNY158.00 | |
| 100 | @a20120301d2012 em y0chiy0110 ea | |
| 101 | 0 | @achi |
| 102 | @aCN@b110000 | |
| 105 | @aab z 000yy | |
| 106 | @ar | |
| 200 | 1 | @a干旱河谷生态恢复与持续管理的科学基础@9gan han he gu sheng tai hui fu yu chi xu guan li de ke xue ji chu@f包维楷等著 |
| 210 | @a北京@c科学出版社@d2012.01 | |
| 215 | @a709页@c图,地图@d26cm | |
| 304 | @a著者还有:庞学勇、李芳兰、周志琼 | |
| 330 | @a本书系统总结以岷江干旱河谷为主的生态学研究成果与认识,特别强调揭示这一典型山地生态系统的规律性和时空差异性、植物在干旱河谷的空间分布及其对干旱环境的适应性。 | |
| 606 | 0 | @a干旱区 |
| 606 | 0 | @a河谷 |
| 606 | 0 | @a生态恢复 |
| 606 | 0 | @a生态管理 |
| 607 | @a岷江@x干旱区@x河谷@x生态恢复@x研究 | |
| 607 | @a岷江@x干旱区@x河谷@x生态管理@x研究 | |
| 607 | @a岷江 | |
| 690 | @aX171.4@v5 | |
| 690 | @aX321.271@v5 | |
| 701 | 0 | @a包维楷@9bao wei kai@4著 |
| 801 | 0 | @aCN@bNLC@c20120521 |
| 905 | @b549920-21@dX171.4@e199@f2 | |
| 干旱河谷生态恢复与持续管理的科学基础/包维楷等著.-北京:科学出版社,2012.01 |
| 709页:图,地图;26cm |
| ISBN 978-7-03-033262-2:CNY158.00 |
| 本书系统总结以岷江干旱河谷为主的生态学研究成果与认识,特别强调揭示这一典型山地生态系统的规律性和时空差异性、植物在干旱河谷的空间分布及其对干旱环境的适应性。 |
| ● |
| 相关链接 |
|
|
|
|
正题名:干旱河谷生态恢复与持续管理的科学基础
索取号:X171.4/199
 
预约/预借
| 序号 | 登录号 | 条形码 | 馆藏地/架位号 | 状态 | 备注 |
| 1 | 549920 | 205499209 | 第二样本阅览室/ [索取号:X171.4/199] | 在馆 | |
| 2 | 549921 | 205499218 | 第三借阅区/ [索取号:X171.4/199] | 在馆 |